000 00610nam a22002177a 4500
003 UA-OsUOA
001 130163
007 ta
008 20180411b un ||||| |||| 00| 0 ukr d
100 _aЗалознова Ю. С.
090 _a330(477)
_bЗ-24
942 _cSA
040 _aUA-OsUOA
_bukr
_cUA-OsUOA
_dUA-OsUOA
245 _aУкраїнська промисловість: сучасні виклики та проблеми розвитку
300 _aС.49-69
955 _a0
041 _aukr
080 _a330(477)
773 0 _w130158
650 7 _a330 Економіка взагалі
_2UDC
999 _c418156
_d418156